[Event "DEM U10 2023"]
[Site "Willingen GER"]
[Date "2023.05.30"]
[Round "5"]
[White "Tarasenko, Nazar"]
[Black "Fadeev, Justin Michael"]
[Result "1/2-1/2"]
[Termination "normal"]
[Board "1"]
[WhiteElo "1970"]
[BlackElo "1470"]
[WhiteClock "00:33:11"]
[BlackClock "00:10:42"]
[PlyCount "79"]
[WhiteFideId "34161430"]
[BlackFideId "34602968"]
[EventCountry "GER"]
[EventRounds "11"]
[EventType "swiss"]
[EventDate "2023.05.27"]

1. d4 {[%clk 01:15:58]} {[%emt 00:00:01]} d5 {[%clk 01:15:59]} {[%emt
00:00:02]} 2. c4 {[%clk 01:16:22]} {[%emt 00:00:06]} e6 {[%clk 01:16:26]}
{[%emt 00:00:03]} 3. Nc3 {[%clk 01:16:48]} {[%emt 00:00:04]} c6 {[%clk
01:16:53]} {[%emt 00:00:04]} 4. e4 {[%clk 01:17:14]} {[%emt 00:00:04]} dxe4
{[%clk 01:17:17]} {[%emt 00:00:06]} 5. Nxe4 {[%clk 01:17:39]} {[%emt 00:00:05]}
Bb4+ {[%clk 01:17:34]} {[%emt 00:00:12]} 6. Bd2 {[%clk 01:15:35]} {[%emt
00:02:33]} Qxd4 {[%clk 01:17:50]} {[%emt 00:00:14]} 7. Bxb4 {[%clk 01:15:32]}
{[%emt 00:00:34]} Qxe4+ {[%clk 01:18:10]} {[%emt 00:00:10]} 8. Ne2 {[%clk
01:15:54]} {[%emt 00:00:08]} Na6 {[%clk 01:17:30]} {[%emt 00:01:11]} 9. Ba3
{[%clk 01:14:46]} {[%emt 00:01:37]} Bd7 {[%clk 01:04:35]} {[%emt 00:13:25]} 10.
Qd6 {[%clk 01:12:33]} {[%emt 00:02:42]} O-O-O {[%clk 01:04:51]} {[%emt
00:00:15]} 11. O-O-O {[%clk 01:11:08]} {[%emt 00:01:55]} e5 {[%clk 00:58:08]}
{[%emt 00:07:13]} 12. Ng3 {[%clk 01:05:33]} {[%emt 00:06:05]} Qf4+ {[%clk
00:58:15]} {[%emt 00:00:24]} 13. Kb1 {[%clk 01:05:56]} {[%emt 00:00:07]} Bf5+
{[%clk 00:56:08]} {[%emt 00:02:37]} 14. Nxf5 {[%clk 01:06:19]} {[%emt
00:00:07]} Rxd6 {[%clk 00:49:40]} {[%emt 00:06:57]} 15. Nxd6+ {[%clk 01:06:39]}
{[%emt 00:00:10]} Kb8 {[%clk 00:48:32]} {[%emt 00:01:38]} 16. Ne8 {[%clk
01:05:59]} {[%emt 00:01:10]} Kc8 {[%clk 00:46:46]} {[%emt 00:02:16]} 17. g3
{[%clk 01:05:23]} {[%emt 00:01:06]} Qg4 {[%clk 00:44:16]} {[%emt 00:02:59]} 18.
f3 {[%clk 01:05:35]} {[%emt 00:00:18]} Qe6 {[%clk 00:44:13]} {[%emt 00:00:33]}
19. Nd6+ {[%clk 01:00:26]} {[%emt 00:05:39]} Kc7 {[%clk 00:44:05]} {[%emt
00:00:37]} 20. h4 {[%clk 01:00:18]} {[%emt 00:00:39]} Ne7 {[%clk 00:42:32]}
{[%emt 00:02:03]} 21. Bh3 {[%clk 00:59:03]} {[%emt 00:01:46]} f5 {[%clk
00:42:46]} {[%emt 00:00:17]} 22. Ne4 {[%clk 00:58:08]} {[%emt 00:01:24]} Nc8
{[%clk 00:38:18]} {[%emt 00:04:57]} 23. Rhe1 {[%emt 00:04:17]} Rd8 {[%clk
00:35:26]} {[%emt 00:00:28]} 24. Ng5 {[%clk 00:54:37]} {[%emt 00:03:09]} Rxd1+
{[%clk 00:34:22]} {[%emt 00:01:34]} 25. Rxd1 {[%clk 00:54:49]} {[%emt
00:00:18]} Qg6 {[%clk 00:34:25]} {[%emt 00:00:24]} 26. f4 {[%clk 00:50:19]}
{[%emt 00:05:03]} exf4 {[%clk 00:25:02]} {[%emt 00:09:54]} 27. gxf4 {[%clk
00:47:35]} {[%emt 00:03:13]} h6 {[%clk 00:25:10]} {[%emt 00:00:22]} 28. h5
{[%clk 00:45:50]} {[%emt 00:02:15]} Qe8 {[%clk 00:23:07]} {[%emt 00:02:25]} 29.
Bxf5 {[%clk 00:39:57]} {[%emt 00:06:30]} hxg5 {[%clk 00:23:26]} {[%emt
00:00:11]} 30. fxg5 {[%clk 00:39:39]} {[%emt 00:00:49]} Qe5 {[%clk 00:21:18]}
{[%emt 00:02:34]} 31. Rd7+ {[%clk 00:36:01]} {[%emt 00:04:11]} Kb8 {[%clk
00:18:55]} {[%emt 00:02:50]} 32. Rf7 {[%clk 00:36:01]} {[%emt 00:00:34]} Qe1+
{[%clk 00:18:40]} {[%emt 00:00:45]} 33. Kc2 {[%clk 00:36:24]} {[%emt 00:00:07]}
Qe2+ {[%clk 00:19:00]} {[%emt 00:00:10]} 34. Kc3 {[%clk 00:36:31]} {[%emt
00:00:23]} Qe3+ {[%clk 00:15:15]} {[%emt 00:04:15]} 35. Kc2 {[%clk 00:36:42]}
{[%emt 00:00:18]} Qe2+ {[%clk 00:10:52]} {[%emt 00:04:53]} 36. Kc3 {[%clk
00:37:03]} {[%emt 00:00:09]} Qxh5 {[%clk 00:11:10]} {[%emt 00:00:13]} 37. Rf8
{[%clk 00:37:19]} {[%emt 00:00:14]} Qf3+ {[%clk 00:11:34]} {[%emt 00:00:06]}
38. Kc2 {[%clk 00:36:08]} {[%emt 00:01:40]} Qf2+ {[%clk 00:11:11]} {[%emt
00:00:53]} 39. Kb3 {[%clk 00:33:11]} {[%emt 00:03:27]} Qe3+ {[%clk 00:10:42]}
{[%emt 00:00:59]} 40. Kc2 {[%emt 00:05:49]} 1/2-1/2

[Event "DEM U10 2023"]
[Site "Willingen GER"]
[Date "2023.05.30"]
[Round "5"]
[White "Sheng, Ming"]
[Black "Belin, Anton"]
[Result "0-1"]
[Termination "normal"]
[Board "2"]
[WhiteElo "1675"]
[BlackElo "1662"]
[WhiteClock "00:07:22"]
[BlackClock "01:07:45"]
[PlyCount "104"]
[WhiteFideId "34605258"]
[BlackFideId "34610952"]
[EventCountry "GER"]
[EventRounds "11"]
[EventType "swiss"]
[EventDate "2023.05.27"]

1. e4 {[%clk 01:15:59]} {[%emt 00:00:03]} c5 {[%clk 01:15:59]} 2. Nf3 {[%clk
01:16:19]} {[%emt 00:00:10]} d6 {[%clk 01:16:27]} {[%emt 00:00:02]} 3. Bb5+
{[%clk 01:16:37]} {[%emt 00:00:12]} Bd7 {[%clk 01:16:41]} {[%emt 00:00:16]} 4.
Bxd7+ {[%clk 01:17:01]} {[%emt 00:00:06]} Qxd7 {[%clk 01:17:00]} {[%emt
00:00:10]} 5. c4 {[%clk 01:17:27]} {[%emt 00:00:05]} e5 {[%clk 01:16:37]}
{[%emt 00:00:52]} 6. Nc3 {[%clk 01:17:39]} {[%emt 00:00:18]} Nc6 {[%clk
01:17:05]} {[%emt 00:00:03]} 7. d3 {[%clk 01:18:01]} {[%emt 00:00:08]} h6
{[%clk 01:17:04]} {[%emt 00:00:30]} 8. a3 {[%clk 01:18:08]} {[%emt 00:00:24]}
Nf6 {[%clk 01:17:01]} {[%emt 00:00:33]} 9. Rb1 {[%clk 01:18:21]} {[%emt
00:00:16]} a5 {[%clk 01:16:54]} {[%emt 00:00:38]} 10. Be3 {[%clk 01:18:16]}
{[%emt 00:00:35]} Be7 {[%clk 01:16:24]} {[%emt 00:01:00]} 11. O-O {[%clk
01:18:07]} {[%emt 00:00:38]} O-O {[%clk 01:15:47]} {[%emt 00:01:07]} 12. Nd5
{[%clk 01:18:21]} {[%emt 00:00:17]} Nxd5 {[%clk 01:15:26]} {[%emt 00:00:49]}
13. cxd5 {[%clk 01:17:46]} {[%emt 00:01:07]} Nd4 {[%clk 01:14:51]} {[%emt
00:01:05]} 14. Bxd4 {[%clk 01:17:36]} {[%emt 00:00:40]} cxd4 {[%clk 01:15:01]}
{[%emt 00:00:20]} 15. Nd2 {[%clk 01:16:57]} {[%emt 00:01:08]} b5 {[%clk
01:13:27]} {[%emt 00:02:04]} 16. f4 {[%clk 01:15:53]} {[%emt 00:01:35]} exf4
{[%clk 01:13:47]} {[%emt 00:00:09]} 17. Rxf4 {[%clk 01:14:47]} {[%emt
00:01:35]} Bg5 {[%clk 01:14:05]} {[%emt 00:00:13]} 18. Rf3 {[%clk 01:14:46]}
{[%emt 00:00:31]} f5 {[%clk 01:13:11]} {[%emt 00:01:24]} 19. Nf1 {[%clk
01:12:59]} {[%emt 00:02:17]} fxe4 {[%clk 01:11:56]} {[%emt 00:01:46]} 20. dxe4
{[%clk 01:12:43]} {[%emt 00:00:45]} Rxf3 {[%clk 01:12:19]} {[%emt 00:00:07]}
21. Qxf3 {[%clk 01:12:23]} {[%emt 00:00:51]} Rf8 {[%clk 01:12:21]} {[%emt
00:00:28]} 22. Qd3 {[%clk 01:12:21]} {[%emt 00:00:31]} Qa7 {[%clk 01:10:50]}
{[%emt 00:02:01]} 23. h3 {[%clk 01:03:52]} {[%emt 00:08:59]} Qc5 {[%clk
01:07:52]} {[%emt 00:03:28]} 24. Rd1 {[%clk 01:02:32]} {[%emt 00:01:50]} Be3+
{[%clk 01:07:32]} {[%emt 00:00:49]} 25. Nxe3 {[%clk 00:56:13]} {[%emt
00:06:50]} dxe3 {[%clk 01:07:55]} {[%emt 00:00:07]} 26. Re1 {[%clk 00:54:05]}
{[%emt 00:02:38]} Rf2 {[%clk 01:06:45]} {[%emt 00:01:40]} 27. b4 {[%clk
00:47:33]} {[%emt 00:07:03]} axb4 {[%clk 01:05:16]} {[%emt 00:01:59]} 28. axb4
{[%clk 00:47:52]} {[%emt 00:00:10]} Qxb4 {[%clk 01:05:15]} {[%emt 00:00:31]}
29. Qxe3 {[%clk 00:48:02]} {[%emt 00:00:20]} Rd2 {[%clk 01:04:41]} {[%emt
00:01:04]} 30. Rf1 {[%clk 00:47:02]} {[%emt 00:01:25]} Qd4 {[%clk 01:04:44]}
{[%emt 00:00:33]} 31. Re1 {[%clk 00:42:33]} {[%emt 00:04:57]} Kf7 {[%clk
01:02:49]} {[%emt 00:02:26]} 32. Qxd4 {[%clk 00:18:01]} {[%emt 00:25:02]} Rxd4
{[%clk 01:03:13]} {[%emt 00:00:07]} 33. Kf2 {[%clk 00:18:24]} {[%emt 00:00:06]}
Kf6 {[%clk 01:03:27]} {[%emt 00:00:16]} 34. Kf3 {[%clk 00:18:38]} {[%emt
00:00:16]} Ke5 {[%clk 01:03:45]} {[%emt 00:00:12]} 35. Re2 {[%clk 00:17:41]}
{[%emt 00:01:26]} g5 {[%clk 01:03:46]} {[%emt 00:00:29]} 36. Re1 {[%clk
00:13:20]} {[%emt 00:04:51]} h5 {[%clk 01:04:00]} {[%emt 00:00:16]} 37. g3
{[%clk 00:13:17]} {[%emt 00:00:34]} g4+ {[%clk 01:04:11]} {[%emt 00:00:20]} 38.
hxg4 {[%clk 00:12:21]} {[%emt 00:01:25]} hxg4+ {[%clk 01:04:32]} {[%emt
00:00:08]} 39. Kf2 {[%clk 00:12:16]} {[%emt 00:00:35]} Rxe4 {[%clk 01:04:48]}
{[%emt 00:00:15]} 40. Rd1 {[%clk 00:12:11]} {[%emt 00:00:35]} b4 {[%clk
01:05:01]} {[%emt 00:00:17]} 41. Rd3 {[%clk 00:12:12]} {[%emt 00:00:28]} Rd4
{[%clk 01:05:01]} {[%emt 00:00:30]} 42. Rb3 {[%clk 00:12:04]} {[%emt 00:00:39]}
Kxd5 {[%clk 01:05:13]} {[%emt 00:00:18]} 43. Ke3 {[%clk 00:12:08]} {[%emt
00:00:26]} Rc4 {[%clk 01:05:38]} {[%emt 00:00:06]} 44. Ke2 {[%clk 00:11:38]}
{[%emt 00:00:57]} Kc5 {[%clk 01:05:31]} {[%emt 00:00:38]} 45. Re3 {[%clk
00:11:30]} {[%emt 00:00:38]} d5 {[%clk 01:05:31]} {[%emt 00:00:31]} 46. Rd3
{[%clk 00:10:28]} {[%emt 00:01:18]} d4 {[%clk 01:05:55]} {[%emt 00:00:21]} 47.
Kf2 {[%clk 00:10:31]} {[%emt 00:00:26]} Rc2+ {[%clk 01:06:16]} {[%emt
00:00:09]} 48. Ke1 {[%clk 00:10:50]} {[%emt 00:00:12]} Kc4 {[%clk 01:06:40]}
{[%emt 00:00:06]} 49. Rd1 {[%clk 00:11:01]} {[%emt 00:00:17]} Kc3 {[%clk
01:06:45]} {[%emt 00:00:26]} 50. Rb1 {[%clk 00:10:37]} {[%emt 00:00:54]} b3
{[%clk 01:07:02]} {[%emt 00:00:13]} 51. Kd1 {[%clk 00:10:15]} {[%emt 00:00:52]}
b2 {[%clk 01:07:24]} {[%emt 00:00:09]} 52. Ke1 {[%clk 00:07:22]} {[%emt
00:03:22]} Rc1+ {[%clk 01:07:45]} {[%emt 00:00:10]} 0-1

[Event "DEM U10 2023"]
[Site "Willingen GER"]
[Date "2023.05.30"]
[Round "5"]
[White "Meitzner, Jonathan Franz"]
[Black "Peglau, Paul David"]
[Result "0-1"]
[Termination "normal"]
[Board "3"]
[WhiteElo "1314"]
[BlackElo "1745"]
[WhiteClock "00:01:59"]
[BlackClock "00:34:52"]
[PlyCount "80"]
[WhiteFideId "34616110"]
[BlackFideId "16290550"]
[EventCountry "GER"]
[EventRounds "11"]
[EventType "swiss"]
[EventDate "2023.05.27"]

1. e4 {[%clk 01:15:58]} c6 {[%clk 01:15:52]} {[%emt 00:00:09]} 2. d4 {[%clk
01:15:55]} {[%emt 00:00:33]} d5 {[%clk 01:16:18]} {[%emt 00:00:04]} 3. exd5
{[%clk 01:16:11]} {[%emt 00:00:14]} cxd5 {[%clk 01:16:47]} {[%emt 00:00:02]} 4.
c4 {[%clk 01:16:25]} {[%emt 00:00:16]} Nf6 {[%clk 01:17:10]} {[%emt 00:00:07]}
5. Nc3 {[%clk 01:16:47]} {[%emt 00:00:07]} e6 {[%clk 01:17:35]} {[%emt
00:00:05]} 6. Nf3 {[%clk 01:16:58]} {[%emt 00:00:18]} Be7 {[%clk 01:17:54]}
{[%emt 00:00:12]} 7. Be2 {[%clk 01:17:22]} {[%emt 00:00:07]} O-O {[%clk
01:18:18]} {[%emt 00:00:05]} 8. O-O {[%clk 01:17:43]} {[%emt 00:00:09]} a6
{[%clk 01:17:15]} {[%emt 00:01:34]} 9. Bf4 {[%clk 01:16:31]} {[%emt 00:01:41]}
dxc4 {[%clk 01:17:04]} {[%emt 00:00:41]} 10. Bxc4 {[%clk 01:16:04]} {[%emt
00:00:56]} b5 {[%clk 01:17:03]} {[%emt 00:00:32]} 11. Bd3 {[%clk 01:15:10]}
{[%emt 00:01:24]} Bb7 {[%clk 01:16:33]} {[%emt 00:01:00]} 12. Qe2 {[%clk
01:06:09]} {[%emt 00:09:32]} Nbd7 {[%clk 01:14:37]} {[%emt 00:02:25]} 13. Rfe1
{[%clk 01:01:56]} {[%emt 00:04:42]} Nb6 {[%clk 01:11:36]} {[%emt 00:03:32]} 14.
Rad1 {[%clk 00:48:46]} {[%emt 00:13:40]} Nbd5 {[%clk 01:10:40]} {[%emt
00:01:26]} 15. Be5 {[%clk 00:45:57]} {[%emt 00:03:20]} Rc8 {[%clk 01:08:18]}
{[%emt 00:02:50]} 16. Ng5 {[%clk 00:39:48]} {[%emt 00:06:40]} Nxc3 {[%clk
01:05:24]} {[%emt 00:03:25]} 17. bxc3 {[%clk 00:39:44]} {[%emt 00:00:33]} h6
{[%clk 01:00:53]} {[%emt 00:05:01]} 18. Ne4 {[%clk 00:24:07]} {[%emt 00:16:06]}
Bxe4 {[%clk 00:59:15]} {[%emt 00:02:08]} 19. Bxe4 {[%clk 00:23:06]} {[%emt
00:01:31]} Nd5 {[%clk 00:54:45]} {[%emt 00:05:00]} 20. Bxd5 {[%clk 00:18:52]}
{[%emt 00:04:45]} Qxd5 {[%clk 00:54:02]} {[%emt 00:01:14]} 21. Qg4 {[%clk
00:16:23]} {[%emt 00:02:58]} g6 {[%clk 00:49:22]} {[%emt 00:05:10]} 22. Qh3
{[%clk 00:15:01]} {[%emt 00:01:52]} Kh7 {[%clk 00:47:43]} {[%emt 00:02:09]} 23.
Bf4 {[%clk 00:11:14]} {[%emt 00:04:17]} Qh5 {[%emt 00:06:23]} 24. Qd3 {[%clk
00:10:15]} {[%emt 00:00:25]} Qf5 {[%emt 00:02:23]} 25. Qg3 {[%clk 00:08:30]}
{[%emt 00:01:01]} Bg5 {[%clk 00:38:28]} {[%emt 00:04:17]} 26. Bd6 {[%clk
00:06:45]} {[%emt 00:02:14]} Rfd8 {[%clk 00:38:17]} {[%emt 00:00:41]} 27. h4
{[%clk 00:06:15]} {[%emt 00:01:00]} Bxh4 {[%clk 00:38:11]} {[%emt 00:00:37]}
28. Qxh4 {[%clk 00:06:06]} {[%emt 00:00:39]} Rxd6 {[%clk 00:38:33]} {[%emt
00:00:08]} 29. Qe7 {[%clk 00:06:22]} {[%emt 00:00:14]} Rdc6 {[%clk 00:36:26]}
{[%emt 00:02:37]} 30. Re5 {[%clk 00:05:07]} {[%emt 00:01:45]} R6c7 {[%clk
00:34:58]} {[%emt 00:01:58]} 31. Qa3 {[%clk 00:04:15]} {[%emt 00:01:22]} Qc2
{[%clk 00:33:08]} {[%emt 00:02:19]} 32. Rc1 {[%clk 00:02:26]} {[%emt 00:02:19]}
Qd2 {[%clk 00:33:06]} {[%emt 00:00:32]} 33. Re3 {[%clk 00:00:31]} {[%emt
00:02:26]} b4 {[%clk 00:32:46]} {[%emt 00:00:50]} 34. Qxb4 {[%clk 00:00:31]}
{[%emt 00:00:30]} Qxc1+ {[%clk 00:33:08]} {[%emt 00:00:08]} 35. Kh2 {[%clk
00:00:53]} {[%emt 00:00:07]} Rxc3 {[%clk 00:33:23]} {[%emt 00:00:16]} 36. Qb7
{[%clk 00:00:52]} {[%emt 00:00:30]} R8c7 {[%clk 00:33:18]} {[%emt 00:00:35]}
37. Rxc3 {[%clk 00:01:03]} {[%emt 00:00:19]} Qxc3 {[%clk 00:33:42]} {[%emt
00:00:06]} 38. Qxa6 {[%clk 00:01:27]} {[%emt 00:00:06]} Qxd4 {[%clk 00:34:04]}
{[%emt 00:00:08]} 39. Qa5 {[%clk 00:01:40]} {[%emt 00:00:17]} Qh4+ {[%clk
00:34:27]} {[%emt 00:00:08]} 40. Kg1 {[%clk 00:01:59]} {[%emt 00:00:11]} Rc1+
{[%clk 00:34:52]} {[%emt 00:00:04]} 0-1

[Event "DEM U10 2023"]
[Site "Willingen GER"]
[Date "2023.05.30"]
[Round "5"]
[White "Steinbrenner, Peter"]
[Black "Heins, Simon"]
[Result "1-0"]
[Termination "normal"]
[Board "4"]
[WhiteElo "1601"]
[BlackElo "1592"]
[WhiteClock "00:06:02"]
[BlackClock "01:07:48"]
[PlyCount "59"]
[WhiteFideId "34645535"]
[BlackFideId "34660194"]
[EventCountry "GER"]
[EventRounds "11"]
[EventType "swiss"]
[EventDate "2023.05.27"]

1. e4 {[%clk 01:15:59]} {[%emt 00:00:01]} c5 {[%clk 01:15:53]} {[%emt
00:00:07]} 2. Nf3 {[%clk 01:16:21]} {[%emt 00:00:08]} Nc6 {[%clk 01:16:17]}
{[%emt 00:00:06]} 3. d4 {[%clk 01:16:48]} {[%emt 00:00:03]} cxd4 {[%clk
01:16:42]} {[%emt 00:00:05]} 4. Nxd4 {[%clk 01:17:10]} {[%emt 00:00:08]} e5
{[%clk 01:17:06]} {[%emt 00:00:06]} 5. Nb5 {[%clk 01:12:20]} {[%emt 00:05:20]}
d6 {[%clk 01:17:23]} {[%emt 00:00:13]} 6. N1c3 {[%clk 01:11:11]} {[%emt
00:01:39]} a6 {[%clk 01:17:44]} {[%emt 00:00:09]} 7. Na3 {[%clk 01:11:35]}
{[%emt 00:00:06]} b5 {[%clk 01:18:09]} {[%emt 00:00:05]} 8. Nd5 {[%clk
01:11:41]} {[%emt 00:00:23]} Nf6 {[%clk 01:18:30]} {[%emt 00:00:09]} 9. Bg5
{[%clk 01:10:16]} {[%emt 00:01:56]} Be7 {[%clk 01:18:52]} {[%emt 00:00:08]} 10.
Bxf6 {[%clk 01:10:40]} {[%emt 00:00:06]} Bxf6 {[%clk 01:19:15]} {[%emt
00:00:06]} 11. c3 {[%clk 01:05:18]} {[%emt 00:05:53]} O-O {[%clk 01:18:43]}
{[%emt 00:01:02]} 12. Be2 {[%clk 01:04:45]} {[%emt 00:01:03]} Bg5 {[%clk
01:18:34]} {[%emt 00:00:38]} 13. O-O {[%clk 01:01:12]} {[%emt 00:04:03]} f5
{[%clk 01:18:45]} {[%emt 00:00:20]} 14. f4 {[%clk 00:54:16]} {[%emt 00:07:27]}
exf4 {[%clk 01:18:35]} {[%emt 00:00:40]} 15. Nxf4 {[%clk 00:52:33]} {[%emt
00:02:12]} Ne7 {[%clk 01:16:21]} {[%emt 00:02:43]} 16. Nd5 {[%clk 00:45:33]}
{[%emt 00:07:30]} fxe4 {[%clk 01:14:22]} {[%emt 00:02:29]} 17. Rxf8+ {[%clk
00:45:51]} {[%emt 00:00:13]} Kxf8 {[%clk 01:14:18]} {[%emt 00:00:33]} 18. Nxe7
{[%clk 00:46:18]} {[%emt 00:00:04]} Qxe7 {[%clk 01:14:18]} {[%emt 00:00:29]}
19. Qd5 {[%clk 00:46:08]} {[%emt 00:00:41]} Ra7 {[%clk 01:13:54]} {[%emt
00:00:53]} 20. Rf1+ {[%clk 00:45:26]} {[%emt 00:01:12]} Bf6 {[%clk 01:14:12]}
{[%emt 00:00:12]} 21. g4 {[%clk 00:32:13]} {[%emt 00:13:43]} h6 {[%clk
01:09:48]} {[%emt 00:04:54]} 22. h4 {[%clk 00:30:46]} {[%emt 00:01:58]} Ke8
{[%clk 01:09:49]} {[%emt 00:00:29]} 23. g5 {[%clk 00:05:17]} {[%emt 00:25:58]}
hxg5 {[%clk 01:08:46]} {[%emt 00:01:33]} 24. Qg8+ {[%clk 00:05:26]} {[%emt
00:00:21]} Kd7 {[%clk 01:08:08]} {[%emt 00:01:08]} 25. Bg4+ {[%clk 00:05:52]}
{[%emt 00:00:04]} Kc6 {[%clk 01:07:54]} {[%emt 00:00:45]} 26. Qxc8+ {[%clk
00:06:02]} {[%emt 00:00:21]} Kd5 {[%clk 01:08:03]} {[%emt 00:00:20]} 27. c4+
{[%clk 00:06:02]} {[%emt 00:00:30]} Kd4 {[%clk 01:07:53]} {[%emt 00:00:40]} 28.
Rd1+ {[%clk 00:05:58]} {[%emt 00:00:33]} Ke3 {[%clk 01:08:03]} {[%emt
00:00:21]} 29. Qf5 {[%clk 00:06:02]} {[%emt 00:00:21]} Qe5 {[%clk 01:07:48]}
{[%emt 00:00:49]} 30. Qf2# {[%emt 00:00:31]} 1-0

[Event "DEM U10 2023"]
[Site "Willingen GER"]
[Date "2023.05.30"]
[Round "5"]
[White "Aguike, Toshiya"]
[Black "Gersemann, Karl"]
[Result "0-1"]
[Termination "normal"]
[Board "5"]
[WhiteElo "1490"]
[BlackElo "1751"]
[WhiteClock "00:40:32"]
[BlackClock "01:06:21"]
[PlyCount "62"]
[WhiteFideId "34611347"]
[BlackFideId "34602186"]
[EventCountry "GER"]
[EventRounds "11"]
[EventType "swiss"]
[EventDate "2023.05.27"]

1. e4 {[%clk 01:15:56]} {[%emt 00:00:02]} e5 {[%clk 01:15:30]} {[%emt
00:00:29]} 2. Nf3 {[%clk 01:16:21]} {[%emt 00:00:07]} Nc6 {[%clk 01:15:30]}
{[%emt 00:00:31]} 3. Bc4 {[%clk 01:16:40]} {[%emt 00:00:10]} Nf6 {[%clk
01:15:31]} {[%emt 00:00:28]} 4. d3 {[%clk 01:16:49]} {[%emt 00:00:22]} Be7
{[%clk 01:15:09]} {[%emt 00:00:52]} 5. O-O {[%clk 01:16:58]} {[%emt 00:00:21]}
O-O {[%clk 01:15:08]} {[%emt 00:00:32]} 6. Nc3 {[%clk 01:17:15]} {[%emt
00:00:13]} d6 {[%clk 01:15:10]} {[%emt 00:00:27]} 7. h3 {[%clk 01:17:34]}
{[%emt 00:00:11]} Na5 {[%clk 01:15:32]} {[%emt 00:00:08]} 8. Bb3 {[%clk
01:17:40]} {[%emt 00:00:24]} Nxb3 {[%clk 01:15:10]} {[%emt 00:00:52]} 9. axb3
{[%clk 01:18:02]} {[%emt 00:00:08]} c6 {[%clk 01:14:29]} {[%emt 00:01:11]} 10.
Be3 {[%clk 01:18:17]} {[%emt 00:00:15]} Ne8 {[%clk 01:14:00]} {[%emt 00:00:58]}
11. Bxa7 {[%clk 01:15:47]} {[%emt 00:03:01]} f5 {[%clk 01:12:11]} {[%emt
00:02:20]} 12. Be3 {[%clk 01:14:53]} {[%emt 00:01:24]} Rxa1 {[%clk 01:12:14]}
{[%emt 00:00:27]} 13. Qxa1 {[%clk 01:15:15]} {[%emt 00:00:08]} fxe4 {[%clk
01:12:39]} {[%emt 00:00:06]} 14. dxe4 {[%clk 01:15:23]} {[%emt 00:00:20]} Bxh3
{[%clk 01:13:04]} {[%emt 00:00:06]} 15. gxh3 {[%clk 01:11:58]} {[%emt
00:03:55]} Rxf3 {[%clk 01:13:23]} {[%emt 00:00:10]} 16. Kg2 {[%clk 01:12:10]}
{[%emt 00:00:18]} Rf6 {[%clk 01:13:11]} {[%emt 00:00:41]} 17. f3 {[%clk
01:11:56]} {[%emt 00:00:45]} d5 {[%clk 01:12:56]} {[%emt 00:00:45]} 18. Rd1
{[%clk 00:52:06]} {[%emt 00:20:20]} d4 {[%clk 01:09:22]} {[%emt 00:04:03]} 19.
Bc1 {[%clk 00:42:57]} {[%emt 00:09:40]} Rg6+ {[%clk 01:06:30]} {[%emt
00:03:22]} 20. Kf1 {[%clk 00:42:02]} {[%emt 00:01:25]} Qc8 {[%clk 01:06:33]}
{[%emt 00:00:27]} 21. Ne2 {[%clk 00:38:49]} {[%emt 00:03:43]} Qxh3+ {[%clk
01:06:53]} {[%emt 00:00:10]} 22. Ke1 {[%clk 00:39:13]} {[%emt 00:00:07]} Qh1+
{[%clk 01:06:50]} {[%emt 00:00:32]} 23. Kd2 {[%clk 00:39:24]} {[%emt 00:00:19]}
Qxf3 {[%clk 01:06:47]} {[%emt 00:00:32]} 24. c3 {[%clk 00:39:18]} {[%emt
00:00:37]} Bg5+ {[%clk 01:05:55]} {[%emt 00:01:22]} 25. Kc2 {[%clk 00:39:38]}
{[%emt 00:00:10]} Qxe4+ {[%clk 01:05:44]} {[%emt 00:00:40]} 26. Rd3 {[%clk
00:39:44]} {[%emt 00:00:25]} Qxe2+ {[%clk 01:05:45]} {[%emt 00:00:28]} 27. Bd2
{[%clk 00:39:58]} {[%emt 00:00:17]} Bxd2 {[%clk 01:05:43]} {[%emt 00:00:32]}
28. cxd4 {[%clk 00:39:49]} {[%emt 00:00:38]} Bb4+ {[%clk 01:06:00]} {[%emt
00:00:14]} 29. Kb1 {[%clk 00:40:09]} {[%emt 00:00:10]} Qxd3+ {[%clk 01:06:13]}
{[%emt 00:00:17]} 30. Ka2 {[%clk 00:40:29]} {[%emt 00:00:11]} c5 {[%clk
01:06:21]} {[%emt 00:00:22]} 31. Qh1 {[%clk 00:40:32]} {[%emt 00:00:26]} Ra6#
{[%emt 00:00:06]} 0-1